| 000 | 00608nam a2200193Ia 4500 | ||
|---|---|---|---|
| 003 | GCL | ||
| 008 | 140319s9999 xx 000 0 ara d | ||
| 040 |
_aGCL / _cGCL |
||
| 082 | 0 | 4 |
_a252 _bا ت |
| 100 | 1 | _aعبدالغفار سليمان البندارى | |
| 245 | 1 | 0 |
_aتحفة الودود باحكام المولود / _cعبدالغفار سليمان البندارى |
| 260 |
_a[S.N] : _bدار الريان للتراث ، _c1987 |
||
| 300 | _a271 ص | ||
| 490 | _a | ||
| 650 | 0 | 4 | _aالاسلام |
| 650 | 0 | 4 | _aالعقائد |
| 650 | 0 | 4 | _aالشريعة الاسلامية |
| 942 |
_2ddc _cBK |
||
| 999 |
_c52880 _d52880 |
||